000 00863nam a2200277 i 4500
001 000029423
003 DO-SdBNP
005 20260522133237.0
007 ta
008 250109s1978 dr a 000 0 spa d
040 _aDO-SdBNP
_bspa
_cBNPHU
_erda
041 _hspa
082 4 _axxx
_bxxx
_222
100 1 _aAlcántara Almánzar, José,
_d1946-
_eautor
_4aut.
_97018
245 1 0 _aTestimonios y profanaciones /
_cJosé Alcántara Almánzar
264 1 _aSanto Domingo :
_bEditora Taller,
_c1978.
300 _a131 páginas :
_bilustraciones ;
_c27 cm.
336 _ardacontent
_btexto
_2txt
337 _ardamedia
_bsin mediación
_2n
338 _ardacarrier
_bvolumen
_2nc
490 0 _aBiblioteca Taller
_v99
500 _aIncluye datos biográficos del autor en la contracubierta
590 _aInventariado, 2025 / DG
910 _aDG
942 _2ddc
_cLBS1
999 _c58019
_d58019